Devine le joueur Français Rugby N°1 - Statistiques

Statistiques générales
  • Ce quiz a été pris 48 fois
  • Le résultat moyen est 6 sur 15
Statistiques - réponses
Poste Equipes Joueur % Correct
15 SU Agen
Castres olympique
Racing 92
Stade rochelais
Brice Dulin
71%
8 Montpellier HR
Stade toulousain
Northampton Saints
Montpellier HR
Union Bordeaux Bègles
Louis Picamoles
68%
2 USA Perpignan RC Toulon Montpellier HR Guilhem Guirado
54%
12 USA Perpignan David Marty
46%
1 ASM Clermont Section paloise Thomas Domingo
46%
9 Stade toulousain Lyon OU Jean-Marc Doussain
44%
3 USA Perpignan Montpellier HR Nicolas Mas
44%
6 CA Périgueux
CA Bordeaux-Bègles
US Colomiers
Biarritz olympique
Stade toulousain
Thierry Dusautoir
44%
10 Section paloise
Stade français
Stade toulousain
Union Bordeaux Bègles
Lyon OU
Oyonnax rugby
AS Béziers
Lionel Beauxis
41%
11 Stade toulousain
SU Agen
Aviron bayonnais
Stade toulousain
Yoann Huget
39%
13 Bourgoin-Jallieu Stade toulousain Florian Fritz
37%
4 US bressane
CS Bourgoin-Jallieu
Castres olympique
Racing Métro 92
Lyon OU
Lionel Nallet
37%
5 Stade rochelais
CS Bourgoin-Jallieu
ASM Clermont
Section paloise
Julien Pierre
17%
14 RC Toulon
Castres olympique
Racing 92
Stade rochelais
Marc Andreu
12%
7 Colomiers Rugby Section paloise Martin Puech
7%
Aucun quiz correspondant
Distribution des résultats
% des personnes avec chaque résultat
Percentile par nombre de réponses
Votre historique - résultats
Vous n’avez pas pris ce quiz